000 00850nas a2200265 4500
001 BR8007715
003 BR-BrBNA
005 20231205084444.0
007 ta
008 230509b bl.|||p| |||| 00| 00por d
040 _aBR-BrBNA
_bpor
_cBiblioteca Nacional de Agricultura
041 _a(Pt)
072 _aF01
100 1 _aPereira, F.M.
100 1 _aKronka, S. do N.
100 1 _aRocha, A.D. da
245 1 _aEfeitos da giberelina e do ethephon aplicados sobre figos da variedade roxo de valinhos durante o periodo final de crescimento dos frutos
650 _aACIDO GIBERELICO
650 _aFIGO
650 _aVARIEDADE
650 _aCRESCIMENTO
773 0 _tRevista Brasileira de Fruticultura (Brazil)
_xISSN 0100-2945
_g(Dec 1980), v. 2(3) p. 73-84
_wBR8007715
909 _a202311
_bLúcia
_c55
_dLúcia Elande
942 _2AGRIS
_n0
_cANA
999 _c105358
_d105358